Christianity & western thought vol. 2 : (Record no. 7667)
[ view plain ]
| 000 -LEADER | |
|---|---|
| fixed length control field | 00698cam a22002052 4500 |
| 001 - CONTROL NUMBER | |
| control field | 0000008643 |
| 005 - DATE AND TIME OF LATEST TRANSACTION | |
| control field | 20151217152038.0 |
| 008 - FIXED-LENGTH DATA ELEMENTS--GENERAL INFORMATION | |
| fixed length control field | 080508s xx 000 0 eng d |
| 020 ## - INTERNATIONAL STANDARD BOOK NUMBER | |
| International Standard Book Number | 0830817530 : |
| Terms of availability | KES 1600 |
| 040 ## - CATALOGING SOURCE | |
| Original cataloging agency | KABU |
| Transcribing agency | KABU |
| 100 1# - MAIN ENTRY--PERSONAL NAME | |
| Personal name | Wilkens, Steve. |
| -- | 0000159301 |
| 245 10 - TITLE STATEMENT | |
| Title | Christianity & western thought vol. 2 : |
| Remainder of title | a history of philosophers, ideas & movements / |
| Statement of responsibility, etc. | Steve Wilkens, Alan G. Padgett. |
| 260 ## - PUBLICATION, DISTRIBUTION, ETC. (IMPRINT) | |
| Place of publication, distribution, etc. | Downers Grove, IL. : |
| Name of publisher, distributor, etc. | IVP, |
| Date of publication, distribution, etc. | 2000. |
| 300 ## - PHYSICAL DESCRIPTION | |
| Extent | 436 p. |
| 650 #0 - SUBJECT ADDED ENTRY--TOPICAL TERM | |
| Topical term or geographic name as entry element | Christianity |
| General subdivision | Philosophy. |
| -- | 0000157001 |
| 650 #0 - SUBJECT ADDED ENTRY--TOPICAL TERM | |
| Topical term or geographic name as entry element | Faith and reason |
| General subdivision | History of doctrines. |
| -- | 0000159300 |
| 908 ## - PUT COMMAND PARAMETER (RLIN) | |
| Put command parameter | 080508 |
| 950 ## - LOCAL HOLDINGS (RLIN) | |
| -- | 1 |
| Withdrawn status | Lost status | Source of classification or shelving scheme | Not for loan | Home library | Current library | Date acquired | Total Checkouts | Full call number | Barcode | Date last seen | Price effective from | Koha item type |
|---|---|---|---|---|---|---|---|---|---|---|---|---|
| Library of Congress Classification | Kabarak, Main Campus | Kabarak, Main Campus | 17/12/2015 | BR100 .W55 | 008859 | 02/08/2024 | 17/12/2015 | General Collection |